书目信息 |
| 题名: |
艺术哲学初步
|
|
| 作者: | 廖国伟 著 | |
| 分册: | ||
| 出版信息: | 广州 广东人民出版社 2003 |
|
| 页数: | 221页 | |
| 开本: | 20cm | |
| 丛书名: | ||
| 单 册: | ||
| 中图分类: | J0-02 | |
| 科图分类: | ||
| 主题词: | 艺术哲学--研究 , 艺术哲学 | |
| 电子资源: | ||
| ISBN: | 7-218-04315-1 | |
| 000 | 00616nam0 2200229 45 | |
| 001 | 020000008338 | |
| 005 | 20051114170219.53 | |
| 010 | @a7-218-04315-1@dCNY16.00 | |
| 092 | @aCN | |
| 100 | @a20040407d2003 ekmy0chiy0120 ea | |
| 101 | 0 | @achi |
| 102 | @aCN@b440000 | |
| 105 | @aa z 000yy | |
| 200 | 1 | @a艺术哲学初步@9yi shu zhe xue chu bu@f廖国伟著@Fliao guo wei zhu |
| 210 | @a广州@c广东人民出版社@d2003 | |
| 215 | @a221页@c图@d20cm | |
| 606 | 0 | @a艺术哲学@x研究 |
| 606 | 0 | @a艺术哲学 |
| 690 | @aJ0-02@v4 | |
| 701 | 0 | @a廖国伟@Aliao guo wei@4著 |
| 801 | 0 | @aCN@bTSSF@c20051114 |
| 905 | @a10447@dJ0-02@e140 | |
| 艺术哲学初步/廖国伟著.-广州:广东人民出版社,2003 |
| 221页:图;20cm |
| ISBN 7-218-04315-1:CNY16.00 |
| ● |
| 相关链接 |
|
|
|
|
正题名:艺术哲学初步
索取号:J0-02/140
 
预约/预借
| 序号 | 登录号 | 条形码 | 馆藏地/架位号 | 状态 | 备注 |
| 1 | 0367332 | 203673328 | 第一样本阅览室/ [索取号:J0-02/140] | 在馆 | |
| 2 | 0367333 | 203673337 | 第一借阅区/ [索取号:J0-02/140] | 在馆 | |
| 3 | 0367334 | 203673346 | 第一借阅区/ [索取号:J0-02/140] | 在馆 | |
| 4 | 0367335 | 203673355 | 第一借阅区/ [索取号:J0-02/140] | 在馆 | |
| 5 | 0367336 | 203673364 | 第一借阅区/ [索取号:J0-02/140] | 在馆 |